LEADER 01194nam a2200253 a 4500 001 000000167809 003 CaOOAMICUS 005 20180522133216.0 008 180522s2009 it 000 u ita r 020 $a978-88-566-0552-5* 032 $aLibriCat 040 $aPUL$bita 100 1 $aMartini, Carlo Maria,$ccardinale, arcivescovo di Milano,$d1927-2012.$0(OLS)http://pul/name/6653 245 13$aLe ali della libertą : $bl'uomo in ricerca e la scelta della fede : meditazioni sulla Lettera ai Romani / $cCarlo Maria Martini . 260 $aCasale Monferrato :$bPiemme,$c©2009. 300 $a109 p. ; $c22 cm. 630 04$aBiblia.$pN.T.$pEpistolae catholicae.$0(OLS)http://pul/subject/9854 850 $aPUL 852 $aPUL$W1$xDP1 Fondo Dalla Palma$y117$m3 E 67$j166423$qFondi$B195526$CPULBib$Z2$F195526 $HDal2098 $81 941 1 $a1 996 $6020$a978-88-566-0552-5*$9(OLS)http://pul/number/164128 996 $6245$aLe ali della libertą : $bl'uomo in ricerca e la scelta della fede : meditazioni sulla Lettera ai Romani / $9(OLS)http://pul/title/207932 996 $6260$aCasale Monferrato :$bPiemme$9(OLS)http://pul/publisher/51813 LEADER 02237nam a2200421 a 4500 001 000000156063 003 CaOOAMICUS 005 20170124102943.0 008 161110m20169999it u000 u ita r 020 $a978-88-598-1466-5 (set)* 032 $aLibriCat 040 $aPUL$bita 082 04$a346.45 245 00$aFallimento e concordato fallimentare /$ca cura di Alberto Jorio. 260 $aTorino :$bUTET Giuridica ;$aMilanofiori Assago :$bWolters Kluwer,$c©2016- 300 $a2 v. ;$c25 cm. 490 1 $aNuova giurisprudenza di diritto civile e commerciale 490 1 $aNuova giurisprudenza sistematica di diritto civile e commerciale 500 $aSulla cop.: Diritto commerciale. 500 $aAltro titolo della collana: Nuova giurisprudenza sistematica di diritto civile e commerciale. 504 $aBibliografia in nota. 505 0 $aV. 1. contributi di Roberto Battaglia ... [et al.]. -- v. 2. contributi di Amedeo Bassi ... [et al.]. 650 4$aFallimento (diritto).$0(OLS)http://pul/subject/17091 700 1 $aJorio, Alberto,$d1940-$0(OLS)http://pul/name/71121 700 1 $aBassi, Amedeo.$0(OLS)http://pul/name/26626 700 1 $aBattaglia, Roberto.$0(OLS)http://pul/name/2850 830 0$aNuova giurisprudenza di diritto civile e commerciale.$0(OLS)http://pul/title/142570 830 0$aNuova giurisprudenza sistematica di diritto civile e commerciale.$0(OLS)http://pul/title/195705 850 $aPUL 852 $aPUL$W1$xSL Diritto e Scienze Sociali 3$y79$m346. 45 BIGWA 1.26.1$j179238$bv. 1$qDDC 21$B182403$CPULBib$Z2$F182403 $H128354 $81 852 $aPUL$W1$xSL Diritto e Scienze Sociali 3$y79$m346. 45 BIGWA 1.26.2$j181445$bv. 2$qDDC 21$B184586$CPULBib$Z2$F184586 $H128797 $81 941 1 $a9 996 $6020$a978-88-598-1466-5 (set)* $9(OLS)http://pul/number/161481 996 $6082$a346.45$9(OLS)http://pul/classification/372 996 $6245$aFallimento e concordato fallimentare$9(OLS)http://pul/title/195704 996 $6260$aTorino :$bUTET Giuridica$9(OLS)http://pul/publisher/79191 996 $6260$aMilanofiori Assago :$bWolters Kluwer$9(OLS)http://pul/publisher/81463